Maharana Pratap/ (Record no. 216777)

MARC details
000 -LEADER
fixed length control field 00545nam a22001937a 4500
005 - DATE AND TIME OF LATEST TRANSACTION
control field 20260622171428.0
010 ## - LCCN (DPL NO)
LC control number ENG-148915
020 ## - INTERNATIONAL STANDARD BOOK NUMBER
International Standard Book Number 9798128808257
Terms of availability 200.00
035 ## - SYSTEM CONTROL NUMBER
System control number EN-132447
037 ## - SOURCE OF ACQUISITION
Source of stock number/acquisition DBAD
082 ## - DEWEY DECIMAL CLASSIFICATION NUMBER
Classification number 954.4
Edition number 1
100 ## - MAIN ENTRY--PERSONAL NAME
Personal name Rana, Bhawan Singh
245 ## - TITLE STATEMENT
Title Maharana Pratap/
Statement of responsibility, etc Bhawan Singh Rana
250 ## - EDITION STATEMENT
Edition statement 1
260 ## - PUBLICATION, DISTRIBUTION, ETC. (IMPRINT)
Place of publication, distribution, etc New Delhi
Name of publisher, distributor, etc Diamond Books
Date of publication, distribution, etc 2024
270 ## - ADDRESS
Address x-30, Okhla Industrial area, Phase -II
City New Delhi
Postal code 110020
300 ## - PHYSICAL DESCRIPTION
Extent 149p.
Dimensions 22cm(pb)
942 ## - ADDED ENTRY ELEMENTS (KOHA)
Source of classification or shelving scheme Dewey Decimal Classification
Item type English Books
Call number suffix RAN
Classification part 954.4
Holdings
Withdrawn status Lost status Not for loan Collection code Home library Current library Date acquired Source of acquisition Cost, normal purchase price Full call number Barcode Copy number Cost, replacement price Koha item type
    Not For Loan Non-fiction D.B.Act.Division D.B.Act.Division 22/06/2026 Delivery of Books Act Division 200.00 RAN 954.4 EN-132447 1 200.00 English Books

© Delhi Public Library
Hit Counter
free hit counter